000 02013cam a2200385 a 4500
001 16743091
003 Nust- CAS-E
005 20180118181406.0
008 110420s2011 enka b 001 0 eng
010 _a 2011010956
020 _a9781444318340 (hb)
020 _a9781444318333 (paper)
035 _a(OCoLC)ocn712125150
040 _aDLC
_cDLC
_dYDX
_dBTCTA
_dYDXCP
_dCDX
_dUKMGB
_dBWX
_dDEBBG
_dPUL
_dBDX
_dDLC
042 _apcc
050 0 0 _aTK7871.86
_b.K48 2011
082 0 0 _a621.3815
_222
_bKIT 2011
084 _aTEC021000
_2bisacsh
084 _aZN 4800
_2rvk
100 1 _aKitai, Adrian,
_d1957-
245 1 0 _aPrinciples of solar cells, LEDs and diodes :
_bthe role of the PN junction /
_cAdrian Kitai.
260 _aChichester, West Sussex, U.K. :
_bWiley,
_c2011.
300 _axiii, 318 p. :
_bill. ;
_c26 cm.
502 _a0
504 _aIncludes bibliographical references and index.
520 _a"The book will cover the two most important applications of semiconductor diodes - solar cells and LEDs - together with quantitative coverage of the physics of the PN junction at the senior undergraduate level. It will include: Review of semiconductor physics Introduction to PN diodesThe solar cell Physics of efficient conversion of sunlight into electrical energy Semiconductor solar cell materials and device physics Advanced solar cell materials and devices The light emitting diode Physics of efficient conversion of electrical energy into light Semiconductor light emitting diode materials and device physics Advanced light emitting diode materials and devices"--
650 0 _aDiodes, Semiconductor.
650 0 _aLight emitting diodes.
650 0 _aSemiconductors
_xJunctions.
650 0 _aSolar cells.
856 4 2 _3Cover image
_uhttp://catalogimages.wiley.com/images/db/jimages/9781444318340.jpg
906 _a7
_bcbc
_corignew
_d1
_eecip
_f20
_gy-gencatlg
942 _2ddc
_cBK
999 _c355588
_d355588